000 01343cam a2200169 4500500
005 20251214042956.0
041 _afre
042 _adc
100 1 0 _aWeiss, Harald
_eauthor
700 1 0 _aHenrion, Hervé
_eauthor
245 0 0 _aLa « police de proximité » en Allemagne
260 _c2011.
500 _a80
520 _aRésuméCet article décrit l’influence que la consommation illicite d’alcool et de drogue a sur la criminalité en Angleterre et au pays de Galles en examinant brièvement les connaissances relatives à l’impact de tels abus sur le comportement criminel. Le droit pénal et le droit de la peine introduits en réponse à cet indéniable problème de société sont étudiés. Cet article établit que, tandis qu’il est largement admis que l’usage illicite d’alcool et de drogue est déterminant dans un nombre extraordinairement élevé d’infractions pénales, ni le Parlement, ni le Sentencing Guidelines Council, ni les juridictions n’ont à ce jour défini une approche cohérente des difficultés afférentes en pratique à la condamnation des délinquants toxicomanes.
786 0 _nArchives de politique criminelle | 33 | 1 | 2011-10-01 | p. 173-186 | 0242-5637
856 4 1 _uhttps://droit.cairn.info/revue-archives-de-politique-criminelle-2011-1-page-173?lang=fr&redirect-ssocas=7080
999 _c1577262
_d1577262